Statistics for Which of these African Cities?

Click here to take the quiz!

General Stats

  • This quiz has been taken 12 times
  • The average score is 8 of 15

Answer Stats

QuestionAnswer% Correct
Which of these African cities is NOT the capital city of a country?Douala
91%
Which of these African cities lies furthest south?Gaborone
91%
Which of these African cities lies furthest west?Praia
82%
Which of these African cities was NOT founded by the Portuguese?Ceuta
73%
Which of these African cities lies at the confluence of two rivers?Khartoum
73%
Which of these African cities does NOT lie entirely on an island?Lagos
73%
Which of these African cities lies furthest east?Mogadishu
64%
Which of these African cities lies furthest north?Rabat
64%
Which of these African cities was NOT founded by the French?Kinshasa
55%
Which of these African cities was NOT founded by the British?Cape Town
45%
Which of these African cities was founded first?Sfax
45%
Which of these African cites does NOT have a port with access to the sea?Kumasi
36%
Which of these African cities does NOT lie on a border between two countries?Pointe-Noire
36%
Which of these African cities has the lowest elevation?Kampala
9%
Which of these African cities does NOT lie on the shores of a lake?Lilongwe
9%

Score Distribution

Percentile by Number Answered

Percent of People with Each Score

Your Score History

You have not taken this quiz